|
|
|
|
| LEADER |
00839nam a2200241 i 4500 |
| 001 |
c000249798 |
| 003 |
CARM |
| 005 |
00000000000000.0 |
| 008 |
840410s1972 enk 0 eng d |
| 019 |
1 |
|
|a 584130
|z 9242821
|5 LACONCORD2021
|
| 035 |
|
|
|a (OCoLC)495368
|5 LACONCORD2021
|
| 082 |
0 |
4 |
|a 291.3
|
| 100 |
1 |
|
|a Smart, Ninian,
|d 1927-
|
| 245 |
1 |
4 |
|a The concept of worship.
|
| 260 |
|
|
|a London :
|b Macmillan,
|c [1972].
|
| 300 |
|
|
|a 77 p.
|
| 440 |
|
0 |
|a New studies in the philosophy of religion
|
| 504 |
|
|
|a Includes bibliographical references.
|
| 650 |
|
0 |
|a Worship.
|
| 650 |
|
0 |
|a Religion
|x Philosophy.
|
| 852 |
8 |
|
|b CARM
|h A2:AP23G0
|i B06921
|p 0324107
|f BK
|
| 999 |
f |
f |
|i a3e447c3-e679-5dbb-bfef-274c80964e7d
|s 37a2135c-5d9b-5d6f-95e7-a1c58ec73a0b
|
| 952 |
f |
f |
|p Can circulate
|a CAVAL
|b CAVAL
|c CAVAL
|d CARM 1 Store
|e B06921
|f A2:AP23G0
|h Other scheme
|i book
|m 0324107
|